Cuba de Fidel (Registo nº 200938)
[ vista simples ]
| 000 -Etiqueta do registo | |
|---|---|
| Valores | 00691nam 22002053 4500 |
| 100 ## - Dados gerais de processamento | |
| Dados gerais | 20260303d u||y0pory50 ba |
| 200 ## - Titulo e menção de responsabilidade | |
| Título próprio | Cuba de Fidel |
| Informação de outro título | viagem à ilha proibida |
| Primeira menção de responsabilidade | Ignácio de Loyola Brandão |
| 205 ## - Menção da edição | |
| Edição | 5ª |
| 210 ## - Publicação | |
| Local de publicação | São Paulo |
| Nome do editor | Livraria Cultura |
| Data de publicação | cop. 1978 |
| 215 ## - Descrição física | |
| Paginação / Volumes | 120 p. |
| Outras indicações físicas | brochado |
| Dimensões | 20 cm |
| 317 ## - Nota de proveniência | |
| Texto da nota | . - Oferta com dedicatória do escritor ao Prof. Dr. Almeida Faria |
| 606 ## - Nome comum usado como assunto | |
| ID Autoridade | 9 |
| Palavra de ordem | Literatura Brasileira |
| 610 ## - Termos não controlados | |
| Palavra de ordem | História como género literário |
| 675 ## - CDU | |
| Notação | 821.134.3(81)-94 |
| Edição | BR |
| Língua | por |
| 700 ## - Autor principal (pessoa individual) | |
| ID Autoridade | 16614 |
| Apelido | Brandão |
| Nome | Ignácio de Loyla |
| Datas | 1936- |
| 801 ## - Fonte de origem | |
| País | PT |
| Agência | BMMN |
| Regras de catalogação | RPC |
| 830 ## - Notas gerais do catalogador | |
| Criado por | Ana Falardo |
| Indexado por | Ana Falardo |
| 990 ## - Elementos KOHA | |
| Tipo de documento | Livro |
| Situação do levantamento | Biblioteca de origem | Código de barras | Cota | Permissão de empréstimo | Tipo de documento | Nota relativa ao exemplar | Forma de aquisição |
|---|---|---|---|---|---|---|---|
| Biblioteca Municipal de Montemor-o-Novo | 30202 | 821.134.3(81)-94 BRA|SAF | Livro | Acesso condicionado | Oferta |